Jane fondas workout book (Record no. 241419)

MARC details
000 -LEADER
fixed length control field 00326nam a22001457a 4500
003 - CONTROL NUMBER IDENTIFIER
control field OSt
005 - DATE AND TIME OF LATEST TRANSACTION
control field 20260508115258.0
008 - FIXED-LENGTH DATA ELEMENTS--GENERAL INFORMATION
fixed length control field 260508b |||||||| |||| 00| 0 eng d
040 ## - CATALOGING SOURCE
Transcribing agency AL
082 ## - DEWEY DECIMAL CLASSIFICATION NUMBER
Classification number 613.7 FONJ
100 ## - MAIN ENTRY--PERSONAL NAME
Personal name Fonda Jane
9 (RLIN) 263613
245 ## - TITLE STATEMENT
Title Jane fondas workout book
650 ## - SUBJECT ADDED ENTRY--TOPICAL TERM
Source of heading or term Science
942 ## - ADDED ENTRY ELEMENTS (KOHA)
Source of classification or shelving scheme Dewey Decimal Classification
Koha item type School of Education
Holdings
Withdrawn status Lost status Source of classification or shelving scheme Damaged status Not for loan Home library Current library Date acquired Total Checkouts Full call number Date last seen Price effective from Koha item type
    Dewey Decimal Classification     St Aloysius Library St Aloysius Library 05/08/2026   613.7 FONJ 05/08/2026 05/08/2026 School of Education